| 000 | 01845nam a2200253Ia 4500 | ||
|---|---|---|---|
| 008 | 260220t1978||||xx |||||||||||||| ||spa|| | ||
| 040 |
_aPY-SlUNAC _bspa _erda |
||
| 041 | _aspa | ||
| 082 |
_a575.21 _bSae16c |
||
| 100 |
_aSaez, Francisco A. _eAutor |
||
| 245 | 0 |
_aCitogenética básica y biología de los cromosomas / _cpor Francisco A. Saez [Autor] y Horacio Cardozo [Autor] |
|
| 264 |
_aWashington D. C. : _bOrganización de los Estados Americanos, _c℗1978. |
||
| 300 | _a1 volumen | ||
| 520 | _aEl libro "Citogenética básica y biología de los cromosomas" de Francisco A. Saez ofrece una exploración exhaustiva de los fundamentos de la citogenética y la estructura de los cromosomas. A través de un enfoque didáctico, Saez detalla los conceptos esenciales relacionados con la organización y función de los cromosomas, así como los métodos utilizados para su estudio. El texto abarca la variabilidad genética, las anomalías cromosómicas, y su implicancia en la herencia y la evolución. También se discuten las técnicas de análisis cromosómico, como la banding y la hibridación in situ, que permiten identificar alteraciones en los cromosomas. Este libro se convierte en una herramienta valiosa para estudiantes y profesionales en biología, genética y medicina, al proporcionar no solo una base teórica sólida, sino también una comprensión de las aplicaciones prácticas en la investigación genética y la salud humana. La obra, aunque publicada en 1978, sigue siendo relevante por su claridad y profundidad en el tema. | ||
| 653 | _aBiología | ||
| 653 | _aCitogenética | ||
| 653 | _aCromosomas | ||
| 700 |
_aCardozo, Horacio _eAutor |
||
| 942 |
_b2026/02/17 _cBK |
||
| 999 |
_c8193 _d8193 |
||